00509nam a2200157Ia 4500008004100000082001600041100002300057245004000080250000800120260002600128300000800154650001700162942001200179952014500191999001500336150301s2014 xx 000 0 und d a618.1bC14D aDAFTRY, SHIRISH N. a100 + CLINICAL CASES IN GYNAECOLOGY a1ST bELSEVIERaINDIAc2014 a383 aOBST. & GYNE 2ddccBK 00102ddc40708MEDICALaFMbFMcTXTd2015-07-02eABC DELHIg575.00iSGTUl0o618.1 C14DpFM6793r2015-07-02 00:00:00w2014-10-25yBKk4960 c6643d6643